Normal view
MARC view
- ويلسون، كولن ؛ ترجمة غسان رملاوي
Entry Personal Name
001 - CONTROL NUMBER
- control field: 48596
003 - CONTROL NUMBER IDENTIFIER
- control field: JO-AjAnu
005 - DATE AND TIME OF LATEST TRANSACTION
- control field: 20230606082020.0
008 - FIXED-LENGTH DATA ELEMENTS
- fixed length control field: 230606|| aca||aabn | a|a d
040 ## - CATALOGING SOURCE
- Original cataloging agency: JO-AjAnu
- Transcribing agency: JO-AjAnu
100 ## - HEADING--PERSONAL NAME
- Personal name: ويلسون، كولن ؛ ترجمة غسان رملاوي
670 ## - SOURCE DATA FOUND
- Source citation: Work cat.: (JO-AjAnu)24861: ويلسون، كولن ؛ ترجمة غسان رملاوي, author, الإستحواذ: رواية